00249nam a22001097a 4500020001800000082001600018100002000034245003000054260003200084300000800116650001500124 a0-88344-612-X a291.172 LOC aLocchead, David aThe Dialogical Imperative aNew YorkbOrbis Booksc1988 a104 aInterfaith